Hà Nội nửa đầu thế kỷ XX

Công trình là một tập hợp quý những kiến thức về Hà Nội trong nửa đầu thế kỷ 20- giai đoạn lịch sử đặc biệt khi Hà Nội chuyển mình mạnh mẽ từ một đô thị truyền thống của phương Đông sang một mô hình đô thị phương Tây....

Cur síos iomlán

Đã lưu trong:
Sonraí Bibleagrafaíochta
Príomhúdar: Nguyễn, Văn Uẩn
Formáid: Leabhar
Teanga:Undetermined
Foilsithe: Hà Nội Nxb Hà Nội 2010
Ábhair:
Clibeanna: Cuir Clib Leis
Gan Chlibeanna, Bí ar an gcéad duine leis an taifead seo a chlibeáil!
Thư viện lưu trữ: Trung tâm Học liệu Trường Đại học Cần Thơ
LEADER 01074nam a2200217Ia 4500
001 CTU_164564
008 210402s9999 xx 000 0 und d
082 |a 959.731 
082 |b U502/T.1 
100 |a Nguyễn, Văn Uẩn 
245 0 |a Hà Nội nửa đầu thế kỷ XX 
245 0 |c Nguyễn Văn Uẩn 
260 |a Hà Nội 
260 |b Nxb Hà Nội 
260 |c 2010 
520 |a Công trình là một tập hợp quý những kiến thức về Hà Nội trong nửa đầu thế kỷ 20- giai đoạn lịch sử đặc biệt khi Hà Nội chuyển mình mạnh mẽ từ một đô thị truyền thống của phương Đông sang một mô hình đô thị phương Tây. 
650 |a Historic sites,Vùng Hà Nội (Việt Nam),Địa điểm lịch sử 
650 |x Du ngoạn và sự mô tả 
650 |z Vietnam,Hanoi Region,Việt Nam,Vùng Hà Nội 
904 |i Năm 
980 |a Trung tâm Học liệu Trường Đại học Cần Thơ